Informe de la gestión, 2013 (Record no. 209348)

MARC details
000 -CABECERA
campo de control de longitud fija 00769nam a22002057a 4500
003 - IDENTIFICADOR DEL NÚMERO DE CONTROL
campo de control UPN
005 - FECHA Y HORA DE LA ÚLTIMA TRANSACCIÓN
campo de control 20230329130115.0
008 - ELEMENTOS DE LONGITUD FIJA--INFORMACIÓN GENERAL
campo de control de longitud fija 230316s2013 mx ||||| |||| 00| 0 spa d
040 ## - FUENTE DE LA CATALOGACIÓN
Centro catalogador/agencia de origen MX-MxUPN
Lengua de catalogación spa
Centro/agencia transcriptor MX-MxUPN
050 #4 - SIGNATURA TOPOGRÁFICA DE LA BIBLIOTECA DEL CONGRESO
Número de clasificación LE7 M19
Número de documento/Ítem U55 2014
110 2# - ASIENTO PRINCIPAL--NOMBRE CORPORATIVO
Nombre de entidad corporativa o nombre de jurisdicción como elemento de entrada Universidad Autónoma de Yucatán
9 (RLIN) 20011
245 10 - MENCIÓN DE TÍTULO
Título Informe de la gestión, 2013
246 ## - FORMA VARIANTE DE TÍTULO
Título propio/Titulo breve Informe de actividades 2013
260 ## - PUBLICACIÓN, DISTRIBUCIÓN, ETC.
Lugar de publicación, distribución, etc. Mérida, Yucatán, México :
Nombre del editor, distribuidor, etc. Universidad Autónoma de Yucatán,
Fecha de publicación, distribución, etc. 2014.
300 ## - DESCRIPCIÓN FÍSICA
Extensión 193 páginas :
Otras características físicas ilustraciones, fotografías a color, gráficas, tablas +
Material acompañante/anejo 1 CD-ROM
500 ## - NOTA GENERAL
Nota general El disco compacto contiene la versión extensa del Informe
610 22 - ASIENTO SECUNDARIO DE MATERIA - NOMBRE CORPORATIVO
Nombre de entidad corporativa o nombre de jurisdicción como elemento de entrada Universidad Autónoma de Yucatán
Subdivisión de forma Informes
9 (RLIN) 20012
902 ## - ELEMENTOS DE DATOS B LOCAL, LDB (RLIN)
Creó NoemiAcosta/160323
942 ## - ELEMENTOS DE PUNTO DE ACCESO ADICIONAL (KOHA)
Fuente del sistema de clasificación o colocación Library of Congress Classification
Tipo de ítem Koha Libro
Holdings
Estado de retiro Estado de pérdida Fuente del sistema de clasificación o colocación Estado dañado No para préstamo Código de colección Localización permanente Ubicación/localización actual Ubicación en estantería Fecha de adquisición Clasificación Código de barras Fecha visto por última vez Precio válido a partir de Tipo de ítem Koha
    Library of Congress Classification   Disponible (Préstamo en sala) Consulta Bib. Gregorio Torres Quintero Bib. Gregorio Torres Quintero Sala de lectura Sótano 16/03/2023 LE7 M19 U55 2014 332776 16/03/2023 16/03/2023 Libro
    Library of Congress Classification   Disponible (Préstamo en sala) Materiales complementarios y otros recursos electrónicos  Bib. Gregorio Torres Quintero Bib. Gregorio Torres Quintero Mostrador de préstamo Planta baja 16/03/2023 LE7 M19 U55 2014 332795 16/03/2023 16/03/2023 Disco Compacto de Consulta